000 00486nam a2200145 a 4500
001 000029830
005 20200930055835.0
008 110426s2002 dr 000 0 spa d
040 _aDO-SdBNP
_bspa
_cBNPHU
245 0 0 _aBoletín de adquisiciones :
_bmayo 2000-diciembre 2001.
260 _aSanto Domingo :
_bSociedad Dominicana de Bibliófilos
_bBiblioteca Enrique Apolinar Enríquez,
_c2002.
_fEditora Corripio
300 _a81 p. ;
_c23 cm.
500 _aIncluye índice
049 _aBNPD
999 _c29322
_d29322